| 000 | 01725cam a22005054i 4500 | ||
|---|---|---|---|
| 003 | PE-LiUPU | ||
| 005 | 20250731165639.0 | ||
| 008 | 150616s1991 xxk r 000 0 spa d | ||
| 020 | _a0849902460 | ||
| 035 | _a(Sirsi) i9780849902468 | ||
| 040 |
_aPE-LiUPU _bspa _cPE-LiUPU _erda |
||
| 049 | _aPRUA | ||
| 082 | 0 | 4 |
_a225.7 _bWBUL _221 |
| 100 | 1 |
_aLane, William L., _eautor. |
|
| 245 | 1 | 0 |
_aHebrews 1-8. _n47/A / _cWilliam L. Lane. |
| 264 | 1 |
_aDallas, Texas : _bWord Books, Publisher, _c1991. |
|
| 300 |
_a211 páginas ; _c23 centímetros. |
||
| 336 |
_atext _2rdacontent |
||
| 337 |
_aunmediated _2rdamedia |
||
| 338 |
_avolume _2rdacarrier |
||
| 490 | 0 |
_aWord Biblical Commentary ; _v47A |
|
| 505 | 0 | _aComentarios del libro de Hebreos 1-8 hebreos. | |
| 526 | _aSEG44 | ||
| 526 | _aSEG26 | ||
| 526 | _aP151 | ||
| 526 | _aP150 | ||
| 526 | _aP149 | ||
| 526 | _aP146 | ||
| 526 | _aP145 | ||
| 526 | _aP126 | ||
| 526 | _aP125 | ||
| 526 | _aP92 | ||
| 526 | _aP75 | ||
| 526 | _aP74 | ||
| 526 | _aP27 | ||
| 526 | _aP15 | ||
| 630 |
_aBiblia. _pN.T. _pHebreos _xComentarios. |
||
| 910 |
_ajck _bjvq _cjck |
||
| 942 |
_2ddc _cBOOK |
||
| 949 |
_aRC 225.7 WBC 47/A _wDEWEY _c1 _i40258 _lCCODEBUL1 _mBUL _r0 _sY _tBOOK _u2015-6-16 _xTEOLOGIA _zUNKNOWN _0COMPRA _o.CIRCNOTE. No olvidar cambiar la fecha de devolución!!!!!!! _o.STAFF. Colección Teología |
||
| 994 |
_aC0 _bPEPRU |
||
| 596 | _a1 | ||
| 999 |
_aRC 225.7 WBC 47/A _wDEWEY _c58058 _i40258 _d58058 _e2017-10-1 _f2021-11-8 _g6 _lCCODEBUL1 _mBUL _n1 _p20.00 _q5 _r1 _sY _tBOOK _u2015-6-16 _xTEOLOGIA _PP35 _0COMPRA _o.CIRCNOTE. No olvidar cambiar la fecha de devolución!!!!!!! _o.STAFF. Colección Teología |
||
| 980 |
_81 _gALBERTO SANCHEZ Responsable de Automatización |
||